000 00520nam a2200181Ia 4500
001 3483
005 20260306145647.0
008 260306t2013||||xx |||||||||||||| ||spa||
041 _aESP
082 _a280
_bA179
100 _aArzobispado de Arequipa
_eAUT
245 0 _aActas del congreso internacional histórico-teológico pastoral:
_bla Arquidiócesis de Arequipa...hacia un nuevo humanismo. 14 al 16 julio 2010
260 _c2013
300 _a
_c
650 _aGEN
654 _aCHU
942 _cLIB
_dJUS
_fJUS
_2ddc
_n
999 _c3483
_d3483